| 000 | 00842nam a22002895i 4500 | ||
|---|---|---|---|
| 999 |
_c535613 _d535613 |
||
| 001 | 20487686 | ||
| 003 | NUST | ||
| 005 | 20200918120110.0 | ||
| 008 | 180508s2018 nyu 000 0 eng | ||
| 010 | _a 2018943625 | ||
| 020 | _a9783319774244 | ||
| 038 | _aMSOHAIL | ||
| 040 |
_aDLC _beng _erda _cDLC |
||
| 042 | _apcc | ||
| 082 |
_a378 _bLAN |
||
| 100 | 1 |
_aO.L. Lantsoght, Eva. _930300 |
|
| 245 | 1 | 4 |
_aThe a-z of the PhD trajectory : _ba practical guide for a successful journey / _cEva O.L. Lantsoght. |
| 263 | _a1809 | ||
| 264 | 1 |
_aNew York, NY : _bSpringer Berlin Heidelberg, _c2018. |
|
| 300 | _apages cm | ||
| 336 |
_atext _btxt _2rdacontent |
||
| 337 |
_aunmediated _bn _2rdamedia |
||
| 338 |
_avolume _bnc _2rdacarrier |
||
| 906 |
_a0 _bibc _corignew _d2 _eepcn _f20 _gy-gencatlg |
||
| 942 |
_2ddc _cBK |
||